Detalles MARC
| 000 -LIDER |
| fixed length control field |
01872cam a2200409 a 4500 |
| 001 - NÚMERO DE CONTROL |
| Identificador de número de control |
87487 |
| 003 - IDENTIFICACDOR DE NÚMERO DE CONTROL |
| control field |
DO-SdBNP |
| 005 - DATE AND TIME OF LATEST TRANSACTION |
| control field |
20240206094034.0 |
| 007 - CAMPOS FIJOS DE DESCRIPCIÓN FÍSICA |
| fixed length control field |
87487 |
| 008 - ELEMENTOS DE LONGITUD FIJA |
| fixed length control field |
110630s2009 mx a 000 0cspa c |
| 010 ## - NUMERO DE CONTROL DE BIBLIOTECA DEL CONGRESO |
| LC control number |
|
| 020 ## - ISBN |
| International Standard Book Number |
9786071103055 |
| 035 ## - NÚMERO LOCAL |
| System control number |
|
| 040 ## - FUENTE DE CATALOGACIÓN |
| Agencia que crea de manera original el registro |
BPMSU |
| Agencia que realiza la transcripción |
spa |
| Agencia que realiza la modificación |
BPMSU |
| -- |
|
| 042 ## - CÓDIGO DE AUNTENTIFICACIÓN |
| Authentication code |
|
| 043 ## - CÓDIGO DE ÁREA GEOGRÁFICA |
| Geographic area code |
|
| 050 ## - NÚMERO DE CLASIFICACIÓN BIBLIOTECA DEL CONGRESO |
| Classification number |
|
| 082 #4 - NÚMERO DE CLASIFICACIÓN DECIMAL DE DEWEY |
| Classification number |
923.1097291 |
| Item number |
C355C 2009 |
| Edition number |
22 |
| 100 1# - ASIENTO PRINCIPAL -- NOMBRE PERSONAL |
| Nombre personal |
Castro Ruz, Juanita, |
| Fechas asociadas con el nombre |
1933- |
| 245 10 - MENCIÓN DE TITULO |
| Título |
Fidel y Raúl mis hermanos : |
| Subtítulo |
la historia secreta / |
| Mención de responsabilidad |
Juanita Castro; prólogo Carlos Alberto Montanel |
| 246 13 - VARIACION DEL TÍTULO |
| Título propiamente dicho o título corto |
Memorias de Juanita Castro contadas a María Antonieta Collins. |
| 250 ## - MENCIÓN DE EDICION |
| Mención de edición |
|
| 260 ## - PUBLICACIÓN, DISTRIBUCIÓN, ETC. (PIE DE IMPRENTA) |
| Lugar de publicación, distribución, etc |
México, D.F. : |
| Nombre del editor, distribuidor, etc. |
Aguilar, |
| Fecha de publicación, distribución, etc |
2009. |
| 300 ## - DESCRIPCIÓN FÍSICA |
| Extensión |
430 p. ; |
| Dimensiones |
24 cm. |
| Otros detalles físicos |
|
| 505 0# - NOTA DE CONTENIDO |
| Texto normalizado de contenido |
Nuevamente en casa -- Lina y Angela -- Una familia de siete hijos -- Fidel y los años violentos -- La historia comienza -- En camino al Exilio mexicano -- El asalto al cuartel Moncada -- En camino al exilio mexicano -- El secuestro a Fidelito -- Ese personaje llamado "Che" -- La miel del triunfo -- Comienza la guerra -- Una oferta inesperada --Silvando monjitas -- Soy marxista-leninista -- Fin de unos viejos aliados -- Un voleto sin regreso -- La recepción del exilio --!A diós Donna! -- La vox popúli... voz ¿de quién? --Yo también tengo mis reflexiones. |
| 590 ## - NOTA LOCAL |
| Texto de la nota local |
Inventariado, 2024/VM |
| 600 14 - ENCABEZAMIENTO DE MATERIA--NOMBRE PERSONAL |
| Nombre personal |
Castro, Fidel, |
| Fechas asociadas con el nombre |
1926-2016 |
| Subdivisión de forma |
Biografías. |
| 600 14 - ENCABEZAMIENTO DE MATERIA--NOMBRE PERSONAL |
| Nombre personal |
Castro, Fidel, |
| Fechas asociadas con el nombre |
1926-2016 |
| Subdivisión temática general |
Pensamiento político y social |
| 600 14 - ENCABEZAMIENTO DE MATERIA--NOMBRE PERSONAL |
| Nombre personal |
Castro, Raúl, |
| Fechas asociadas con el nombre |
1931- |
| Subdivisión temática general |
Vida familiar. |
| 650 #4 - ENCABEZAMIENTO DE MATERIA--TEMÁTICO |
| Término temático o nombre geográfico como elemento de entrada |
Jefes de Estado |
| Subdivisión geográfica |
Cuba |
| Subdivisión de forma |
Biografías |
| 651 #4 - ENCABEZAMIENTO DE MATERIA--NOMBRE GEOGRÁFICO |
| Nombre geográfico |
Cuba |
| Subdivisión temática general |
Política y gobierno. |
| Subdivisión cronológica |
|
| 651 #4 - ENCABEZAMIENTO DE MATERIA--NOMBRE GEOGRÁFICO |
| Nombre geográfico |
Cuba |
| Subdivisión temática general |
Historia |
| Subdivisión cronológica |
Siglo XX |
| 700 1# - ASIENTO SECUNDARIO -- NOMBRE PERSONAL |
| Nombre personal |
Collins, María Antonieta. |
| 700 1# - ASIENTO SECUNDARIO -- NOMBRE PERSONAL |
| Nombre personal |
Montaner, Carlos Alberto |
| Mención de responsabilidad |
prólogo |
| 910 ## - VALIDACIÓN |
| Validación |
VMateo V. Control de calidad. BPMSU |
| 942 ## - ADDED ENTRY ELEMENTS (KOHA) |
| Source of classification or shelving scheme |
Dewey Decimal Classification |
| Koha item type |
Libros |